000 00462nam a2200181Ia 4500
001 17549
005 20260306171525.0
008 260306s9999||||xx |||||||||||||| ||und||
041 _aESP
082 _a658.022
_bL85
100 _aLongenecker, Justin G.
_eAUT
245 0 _aAdministración de pequeñas empresas :
_benfoque emprendedor
260 _c2007
300 _a683 páginas :
_c27 cm.
650 _aGEN
654 _aCAN
942 _cLIB
_dJUS
_fJUS
_2ddc
_n
999 _c17549
_d17549